00451nam a2200157Ia 4500008004100000020001800041041000800059082001500067100001300082245003800095260003900133300000900172440006000181500003900241700001300280230125s9999 xx 000 0 und d a1-84112-249-1 aeng a658.5bGEO aGeorge G aOperations and Technology Express c2002bCapstone publicationaLondon a120p aEssential Management Thinking At Your Fingertips Series aSeries Book;Operations Series Book aGeorge G